[Event "Krakow op-B 29th"]
[Site "Krakow"]
[Date "2018.12.31"]
[Round "6"]
[White "Beraia, Levan"]
[Black "Lada, Ireneusz"]
[Result "1/2-1/2"]
[WhiteElo "1851"]
[BlackElo "1944"]
[PlyCount "46"]
[EventDate "2018.12.27"]
[EventType "swiss"]
[EventRounds "9"]
[EventCountry "POL"]
[SourceTitle "CBM 189 Extra"]
[Source "ChessBase"]
[SourceDate "2019.05.31"]
[SourceVersion "1"]
[SourceVersionDate "2019.05.31"]
[SourceQuality "1"]

1. e4 c6 2. d4 d5 3. Nd2 dxe4 4. Nxe4 Nf6 5. Ng3 c5 6. Bb5+ Nc6 7. c3 cxd4 8. Qxd4 Bd7 9. Qd3 g6 10. Nf3 Bg7 11. 0-0 0-0 12. Rd1 Qc7 13. h3 Rad8 14. Qe2 a6 15. Bd3 Bc8 16. Bg5 h6 17. Bxf6 exf6 18. Qc2 f5 19. h4 Ne5 20. Nxe5 Bxe5 21. Nf1 h5 22. Nd2 Be6 23. Nf3 b6 1/2-1/2

[Event "Krakow op-B 29th"]
[Site "Krakow"]
[Date "2018.12.30"]
[Round "5"]
[White "Widla, Piotr"]
[Black "Beraia, Levan"]
[Result "0-1"]
[WhiteElo "2024"]
[BlackElo "1851"]
[PlyCount "96"]
[EventDate "2018.12.27"]
[EventType "swiss"]
[EventRounds "9"]
[EventCountry "POL"]
[SourceTitle "CBM 189 Extra"]
[Source "ChessBase"]
[SourceDate "2019.05.31"]
[SourceVersion "1"]
[SourceVersionDate "2019.05.31"]
[SourceQuality "1"]

1. e4 g6 2. Nc3 Bg7 3. d3 c5 4. Be3 d6 5. g3 Nc6 6. Bg2 Qb6 7. Nd5 Qd8 8. Qc1 e6 9. Nc3 Nd4 10. Nce2 Bd7 11. c3 Nxe2 12. Nxe2 Bb5 13. Qd2 Nf6 14. h3 0-0 15. 0-0 Rc8 16. a4 Bc6 17. Rfe1 Re8 18. Bg5 Qc7 19. b4 b6 20. Rec1 d5 21. e5 Nd7 22. d4 f6 23. exf6 Nxf6 24. Bf4 Qd7 25. b5 Bb7 26. dxc5 Rxc5 27. Be3 Rc4 28. a5 Ne4 29. Qd3 Nc5 30. Qd1 Qxb5 31. Rcb1 Qc6 32. axb6 axb6 33. Nd4 Qc7 34. Nb5 Qd7 35. Bf1 Re4 36. Nd4 e5 37. Nc2 Qd6 38. Ra7 d4 39. Bg2 Rxe3 40. fxe3 Bxg2 41. Kxg2 Qd5+ 42. Kg1 d3 43. Rxb6 Qe4 44. Ne1 Qxe3+ 45. Kg2 d2 46. Nf3 Ne4 47. Qf1 d1Q 48. Ne1 Qde2+ 0-1

[Event "Krakow op-B 29th"]
[Site "Krakow"]
[Date "2018.12.29"]
[Round "3"]
[White "Beraia, Levan"]
[Black "Landl, Margot"]
[Result "0-1"]
[WhiteElo "1851"]
[BlackElo "1975"]
[PlyCount "60"]
[EventDate "2018.12.27"]
[EventType "swiss"]
[EventRounds "9"]
[EventCountry "POL"]
[SourceTitle "CBM 189 Extra"]
[Source "ChessBase"]
[SourceDate "2019.05.31"]
[SourceVersion "1"]
[SourceVersionDate "2019.05.31"]
[SourceQuality "1"]

1. e4 e5 2. Nf3 Nc6 3. Bc4 Bc5 4. 0-0 Nf6 5. d3 d6 6. h3 Na5 7. Nc3 Nxc4 8. dxc4 a6 9. a3 Be6 10. Qe2 Qe7 11. Rd1 h6 12. b4 Ba7 13. Nd5 Nxd5 14. cxd5 Bd7 15. Be3 Bxe3 16. Qxe3 0-0 17. c4 f5 18. exf5 Rxf5 19. Nd2 Raf8 20. Ne4 Rf4 21. Rd2 Bf5 22. f3 Bxh3 23. gxh3 Rxf3 24. Qe2 Qh4 25. Rd3 Rxd3 26. Qxd3 Rf4 27. Qg3 Rxe4 28. Qxh4 Rxh4 29. c5 Rd4 30. cxd6 cxd6 0-1

[Event "Krakow op-B 29th"]
[Site "Krakow"]
[Date "2018.12.29"]
[Round "4"]
[White "Kosturkiewicz, Jacek"]
[Black "Beraia, Levan"]
[Result "0-1"]
[WhiteElo "1972"]
[BlackElo "1851"]
[PlyCount "94"]
[EventDate "2018.12.27"]
[EventType "swiss"]
[EventRounds "9"]
[EventCountry "POL"]
[SourceTitle "CBM 189 Extra"]
[Source "ChessBase"]
[SourceDate "2019.05.31"]
[SourceVersion "1"]
[SourceVersionDate "2019.05.31"]
[SourceQuality "1"]

1. e4 d5 2. exd5 Qxd5 3. Nc3 Qa5 4. d4 Nf6 5. Nf3 c6 6. Bd2 Qc7 7. Bd3 Bg4 8. h3 Bh5 9. Qe2 e6 10. 0-0-0 Bxf3 11. Qxf3 Nbd7 12. Rhe1 Be7 13. Kb1 a5 14. a4 Qb6 15. Qe3 0-0 16. g4 Ba3 17. b3 Bb4 18. Bc4 Nd5 19. Nxd5 cxd5 20. Bb5 Bxd2 21. Rxd2 Qc7 22. g5 Nb6 23. f4 Rac8 24. h4 Qd6 25. Kb2 Rc7 26. h5 Rfc8 27. Rc1 Rc3 28. Rd3 Rxd3 29. Bxd3 Qb4 30. Bb5 Nc4+ 31. Bxc4 dxc4 32. Qc3 b5 33. Qxb4 axb4 34. axb5 c3+ 35. Kb1 Rb8 36. Re1 Rxb5 37. Re5 Rd5 38. Rxd5 exd5 39. Kc1 Kf8 40. Kd1 Ke7 41. Ke2 Ke6 42. Ke3 Kf5 43. Kf3 h6 44. gxh6 gxh6 45. Kg3 Ke4 46. Kg4 f5+ 47. Kg3 Ke3 0-1

[Event "Krakow op-B 29th"]
[Site "Krakow"]
[Date "2018.12.27"]
[Round "1"]
[White "Beraia, Levan"]
[Black "Skomial, Mateusz"]
[Result "1-0"]
[WhiteElo "1851"]
[BlackElo "2050"]
[PlyCount "68"]
[EventDate "2018.12.27"]
[EventType "swiss"]
[EventRounds "9"]
[EventCountry "POL"]
[SourceTitle "CBM 189 Extra"]
[Source "ChessBase"]
[SourceDate "2019.05.31"]
[SourceVersion "1"]
[SourceVersionDate "2019.05.31"]
[SourceQuality "1"]

1. e4 e5 2. Nf3 Nf6 3. Nc3 Nc6 4. d4 exd4 5. Nxd4 Bb4 6. Nxc6 bxc6 7. Bd3 0-0 8. 0-0 Re8 9. Qf3 h6 10. Bd2 d6 11. h3 Bb7 12. a3 Bc5 13. Rfe1 Nd7 14. Qg3 Re6 15. Bc4 Rf6 16. Be3 Bxe3 17. Qxe3 Nb6 18. Ba2 Rg6 19. Rad1 Qh4 20. Ne2 Re8 21. Ng3 Bc8 22. a4 a5 23. Qc3 Bd7 24. Qxa5 Bxh3 25. Qc3 Re5 26. a5 Rc5 27. Qb3 Be6 28. Qa3 Nc8 29. Bxe6 fxe6 30. a6 Na7 31. Rd3 Kh7 32. c4 Rcg5 33. Qb3 Ra5 34. Qb7 Rc5 1-0

[Event "Poti Aleksandria Cup-B 8th"]
[Site "Poti"]
[Date "2013.07.14"]
[Round "2"]
[White "Licheli, Luka"]
[Black "Beraia, Levan"]
[Result "0-1"]
[WhiteElo "1713"]
[BlackElo "1970"]
[PlyCount "46"]
[EventDate "2013.07.13"]
[EventType "swiss"]
[EventRounds "9"]
[EventCountry "GEO"]
[SourceTitle "EXT 2014"]
[Source "ChessBase"]
[SourceDate "2013.11.20"]
[SourceVersion "1"]
[SourceVersionDate "2013.11.20"]
[SourceQuality "1"]

1. e4 c5 2. Nc3 Nc6 3. g3 g6 4. Bg2 Bg7 5. d3 d6 6. Be3 Qa5 7. Nge2 Nd4 8. Qd2 Nxe2 9. Kxe2 Nf6 10. h3 0-0 11. f4 Rb8 12. g4 b5 13. g5 Nh5 14. Ke1 e5 15. Bf3 exf4 16. Bf2 Ng3 17. Rh2 b4 18. Nd1 Be5 19. c4 bxc3 20. bxc3 Bb7 21. Rb1 Rfe8 22. c4 Qxd2+ 23. Kxd2 Nf1+ 0-1

[Event "Poti Aleksandria Cup 7th"]
[Site "Poti"]
[Date "2012.07.19"]
[Round "8"]
[White "Beraia, Levan"]
[Black "Zarkua, Davit"]
[Result "0-1"]
[WhiteElo "2003"]
[BlackElo "2466"]
[PlyCount "65"]
[EventDate "2012.07.14"]
[EventType "swiss"]
[EventRounds "9"]
[EventCountry "GEO"]
[SourceTitle "CBM 149 Extra"]
[Source "ChessBase"]
[SourceDate "2012.08.24"]
[SourceVersion "1"]
[SourceVersionDate "2012.08.24"]
[SourceQuality "1"]

1. e4 g6 2. d4 Bg7 3. Nf3 d6 4. g3 c5 5. Bg2 Nf6 6. Nc3 cxd4 7. Nxd4 0-0 8. 0-0 Bg4 9. Nde2 Nc6 10. h3 Bd7 11. Be3 Rc8 12. Qd2 Ne5 13. b3 Bxh3 14. f4 Bxg2 15. Kxg2 Neg4 16. Rad1 Nxe3+ 17. Qxe3 Qa5 18. Rd3 Rc6 19. Qd2 Rfc8 20. Rc1 Qb4 21. Rd4 Qb6 22. Nd5 Nxd5 23. Rxd5 Bb2 24. c4 Bxc1 25. Nxc1 Rc5 26. Ne2 Rxd5 27. exd5 a6 28. Nd4 Qd8 29. f5 Qf8 30. Qg5 Qg7 31. Nf3 Qf6 32. Qh6 b5 33. fxg6 0-1